000 01896nam a2200493 c 4500
001 8561
003 ES-MaCES
005 20250121040008.0
008 990318s1998 sp o100 | spa d
017 _aM 35070-1998
_bDL
024 7 _a207-98-060-7
_2nipo
035 _aCES19990004262m
040 _aES-MaCES
_bspa
_cES-MaCES
111 2 _aJornadas sobre la Igualdad de Oportunidades entre Mujeres y Hombres en el Ambito Laboral
_d1998
_cMadrid
_9433
245 1 0 _aHacia la igualdad laboral entre mujeres y hombres
_b: ponencias de las sesiones de trabajo realizadas por el Instituto de la Mujer en el marco del IV Programa de Acción comunitario, [celebradas en Madrid los días 27 y 28 de abril de 1998]
_c[Jornadas]
260 _aMadrid
_bInstituto de la Mujer
_c1998
300 _a156 p.
_c30 cm
490 1 _aDebate
_v21
541 _cGratuito
650 4 _amujeres
_928657
650 4 _atrabajadora
_928413
650 4 _aderechos de la mujer
_927173
650 4 _aigualdad de trato
_930147
650 4 _aigualdad de oportunidades en el empleo
_930649
650 4 _aigualdad de remuneración
_927184
650 4 _alicencia parental
_929985
650 4 _alicencia de maternidad
_927816
650 4 _aacoso sexual
_929555
650 4 _aEspaña
_926964
650 4 _aBélgica
_926935
650 4 _aPortugal
_926960
650 4 _aItalia
_926952
650 4 _acomparación
_928892
650 4 _aseguridad en el trabajo
_928348
650 4 _ajurisprudencia
_928624
653 1 0 _aMujer
650 4 _929020
_apaís de la UE
710 2 _aInstituto de la Mujer (España)
_94190
730 0 _aPrograma de Acción Comunitario para la Igualdad de Oportunidades entre Hombres y Mujeres
_d1996-2000
_n
_933156
830 0 _aDebate (Instituto de la Mujer (España))
_v21
_932789
902 _aLIB Libro
942 _2CES
_cBK
_h3.3.
999 _c8561
_d8561